| 000 | 00390nam a22001577a 4500 | ||
|---|---|---|---|
| 003 | OSt | ||
| 008 | 250418b |||||||| |||| 00| 0 eng d | ||
| 020 | _a9789356815155 | ||
| 082 | _a428.0076 PUQ | ||
| 100 | _aPURI,Gautam | ||
| 245 | _aCAT-2025 Quantitative Aptitude | ||
| 260 |
_aFaridabad _bGK Publications _c2024 |
||
| 300 | _aMISC | ||
| 650 | _aQuantitative Aptitude | ||
| 942 |
_2ddc _cBK |
||
| 999 |
_c13332 _d13332 |
||